[Event "16 Dubai Open 2014"]
[Site "Dubai Chess Club"]
[Date "2014.04.07"]
[Round "1"]
[Board "25"]
[White "Alattar, Rakan"]
[Black "Kotsur, Pavel"]
[Result "0-1"]
[WhiteElo "2059"]
[BlackElo "2557"]
[PlyCount "0"]
[EventDate "2014.04.07"]
[EventRounds "9"]
[EventCountry "UAE"]

1. d4 {[%clk 1:30:56]} Nf6 {[%clk 1:30:51]} 2. Nc3 {[%clk 1:31:21]} e6
{[%clk 1:29:15]} 3. e4 {[%clk 1:31:28]} d5 {[%clk 1:29:33]} 4. Bg5
{[%clk 1:31:51]} dxe4 {[%clk 1:29:41]} 5. Nxe4 {[%clk 1:32:19]} Nbd7
{[%clk 1:30:00]} 6. Nf3 {[%clk 1:32:23]} h6 {[%clk 1:30:25]} 7. Bxf6
{[%clk 1:32:00]} Nxf6 {[%clk 1:30:44]} 8. Bd3 {[%clk 1:32:05]} Be7
{[%clk 1:26:24]} 9. Nxf6+ {[%clk 1:27:20]} Bxf6 {[%clk 1:26:43]} 10. Qd2
{[%clk 1:14:54]} c5 {[%clk 1:24:08]} 11. dxc5 {[%clk 1:12:00]} O-O
{[%clk 1:17:17]} 12. Qb4 {[%clk 0:58:53]} Qc7 {[%clk 1:14:24]} 13. Qe4
{[%clk 0:47:53]} Rd8 {[%clk 1:12:22]} 14. c3 {[%clk 0:41:08]} Qxc5
{[%clk 1:10:04]} 15. O-O {[%clk 0:40:21]} g6 {[%clk 1:03:15]} 16. Rad1
{[%clk 0:36:30]} Bd7 {[%clk 1:01:33]} 17. Nd4 {[%clk 0:26:35]} Qb6
{[%clk 1:00:27]} 18. Rd2 {[%clk 0:23:47]} Bg7 {[%clk 0:59:21]} 19. Rfd1
{[%clk 0:23:08]} e5 {[%clk 0:54:09]} 20. Nb3 {[%clk 0:21:12]} Bc6
{[%clk 0:51:28]} 21. Qh4 {[%clk 0:19:46]} a5 {[%clk 0:46:03]} 22. Bc4
{[%clk 0:18:15]} Rxd2 {[%clk 0:46:04]} 23. Rxd2 {[%clk 0:18:36]} a4
{[%clk 0:45:44]} 24. Nc1 {[%clk 0:17:25]} Qc5 25. a3 {[%clk 0:05:37]} e4
{[%clk 0:40:52]} 26. Ba2 {[%clk 0:04:12]} e3 {[%clk 0:40:17]} 27. fxe3
{[%clk 0:04:16]} Qxe3+ {[%clk 0:39:48]} 28. Qf2 {[%clk 0:04:41]} Qe7
{[%clk 0:38:16]} 29. Ne2 {[%clk 0:03:46]} Ra5 {[%clk 0:32:51]} 30. Nf4
{[%clk 0:02:06]} Kh7 {[%clk 0:29:11]} 31. Nd5 {[%clk 0:01:28]} Qe5
{[%clk 0:28:37]} 32. Re2 {[%clk 0:00:58]} Qd6 {[%clk 0:28:16]} 33. Ne7
{[%clk 0:00:51]} 0-1

[Event "16 Dubai Open 2014"]
[Site "Dubai Chess Club"]
[Date "2014.04.07"]
[Round "1"]
[Board "26"]
[White "Ghaem Maghami, Ehsan"]
[Black "Abo-Hazeem, Mohanned"]
[Result "1-0"]
[WhiteElo "2556"]
[BlackElo "2058"]
[PlyCount "0"]
[EventDate "2014.04.07"]
[EventRounds "9"]
[EventCountry "UAE"]

1. c4 Nf6 2. Nc3 e6 3. e4 d5 4. e5 d4 5. exf6 dxc3 6. bxc3 Qxf6 7. Nf3 c5 8. d4
cxd4 9. Bg5 Qf5 10. cxd4 Bb4+ 11. Bd2 Bxd2+ 12. Qxd2 O-O 13. Bd3 Qf6 14. O-O Nc6
15. Be4 Rd8 16. Bxc6 bxc6 17. Qa5 c5 18. Qxc5 Bb7 19. Ne5 Qg5 20. g3 Qf5 21. Qc7
Be4 22. f3 Rac8 23. Qxa7 Bd3 24. g4 Qf4 25. Nxd3 1-0

[Event "16 Dubai Open 2014"]
[Site "Dubai Chess Club"]
[Date "2014.04.07"]
[Round "1"]
[Board "27"]
[White "Jacobson, Erik"]
[Black "Jankovic, Alojzije"]
[Result "0-1"]
[WhiteElo "2056"]
[BlackElo "2554"]
[PlyCount "0"]
[EventDate "2014.04.07"]
[EventRounds "9"]
[EventCountry "UAE"]

1. e4 {[%clk 1:30:52]} c5 {[%clk 1:30:53]} 2. Nf3 {[%clk 1:30:54]} Nc6
{[%clk 1:31:04]} 3. Nc3 {[%clk 1:31:15]} d6 {[%clk 1:31:16]} 4. d4
{[%clk 1:31:28]} cxd4 {[%clk 1:31:40]} 5. Nxd4 {[%clk 1:31:56]} Nf6
{[%clk 1:32:02]} 6. Bc4 {[%clk 1:32:19]} Qb6 {[%clk 1:31:58]} 7. Nb3
{[%clk 1:32:42]} e6 {[%clk 1:32:12]} 8. Bg5 {[%clk 1:33:05]} a6 {[%clk 1:30:03]}
9. O-O {[%clk 1:31:56]} Qc7 {[%clk 1:25:37]} 10. a4 {[%clk 1:31:23]} Be7
{[%clk 1:25:00]} 11. Kh1 {[%clk 1:19:57]} h6 {[%clk 1:01:32]} 12. Bc1
{[%clk 1:11:13]} b6 {[%clk 1:00:29]} 13. f4 {[%clk 1:11:20]} Bb7 {[%clk 0:57:20]}
14. Be2 {[%clk 1:07:31]} Nb4 {[%clk 0:54:28]} 15. Bf3 {[%clk 1:07:50]} e5
{[%clk 0:50:10]} 16. Be3 {[%clk 1:01:57]} O-O {[%clk 0:49:47]} 17. Qd2
{[%clk 1:02:08]} d5 {[%clk 0:43:21]} 18. fxe5 {[%clk 0:57:32]} dxe4
{[%clk 0:34:05]} 19. Bd1 {[%clk 0:57:18]} Qxe5 {[%clk 0:27:39]} 20. Bxb6
{[%clk 0:57:01]} Bd6 {[%clk 0:27:53]} 21. Bg1 {[%clk 0:57:13]} Rfe8
{[%clk 0:26:54]} 22. Qd4 {[%clk 0:55:27]} e3 {[%clk 0:21:16]} 23. Qxe5
{[%clk 0:52:34]} Rxe5 {[%clk 0:21:40]} 24. Re1 {[%clk 0:47:21]} Rg5
{[%clk 0:20:59]} 25. Re2 {[%clk 0:47:23]} Ng4 {[%clk 0:21:11]} 26. Bxe3
{[%clk 0:34:58]} Nxe3 {[%clk 0:21:04]} 27. Rxe3 {[%clk 0:35:26]} Bxg2+
{[%clk 0:13:36]} 28. Kg1 {[%clk 0:35:54]} Bb7+ {[%clk 0:11:56]} 29. Kf1
{[%clk 0:35:32]} Bxh2 {[%clk 0:12:15]} 30. Nd4 {[%clk 0:34:41]} Bg1
{[%clk 0:09:23]} 31. Re7 {[%clk 0:35:03]} Bxd4 {[%clk 0:09:26]} 32. Rxb7
{[%clk 0:35:30]} Nxc2 {[%clk 0:06:11]} 33. Rb1 {[%clk 0:35:20]} Re8
{[%clk 0:04:45]} 34. Ne2 {[%clk 0:34:43]} Rf5+ {[%clk 0:05:10]} 0-1

[Event "16 Dubai Open 2014"]
[Site "Dubai Chess Club"]
[Date "2014.04.07"]
[Round "1"]
[Board "28"]
[White "Mastrovasilis, Athanasios"]
[Black "Blanco Acevedo, Maria Carolina"]
[Result "1-0"]
[WhiteElo "2535"]
[BlackElo "2051"]
[PlyCount "0"]
[EventDate "2014.04.07"]
[EventRounds "9"]
[EventCountry "UAE"]

1. c4 {[%clk 1:30:57]} e6 {[%clk 1:30:38]} 2. Nf3 {[%clk 1:31:06]} d5
{[%clk 1:29:58]} 3. g3 {[%clk 1:31:20]} c6 {[%clk 1:28:36]} 4. Qc2
{[%clk 1:30:50]} Nf6 {[%clk 1:27:54]} 5. Bg2 {[%clk 1:31:07]} Nbd7
{[%clk 1:26:45]} 6. O-O {[%clk 1:29:30]} Be7 {[%clk 1:24:19]} 7. b3
{[%clk 1:29:22]} O-O {[%clk 1:24:13]} 8. Bb2 {[%clk 1:29:41]} b6 {[%clk 1:22:16]}
9. d4 {[%clk 1:28:59]} Bb7 {[%clk 1:20:13]} 10. Nc3 {[%clk 1:28:36]} Rc8
{[%clk 1:18:45]} 11. Rad1 {[%clk 1:22:38]} Qc7 {[%clk 1:15:48]} 12. e4
{[%clk 1:19:02]} dxe4 {[%clk 1:13:57]} 13. Ng5 {[%clk 1:16:59]} c5
{[%clk 1:07:12]} 14. d5 {[%clk 1:11:39]} exd5 {[%clk 1:04:52]} 15. cxd5
{[%clk 1:09:46]} Ba6 {[%clk 0:59:27]} 16. d6 {[%clk 1:08:42]} Bd3
{[%clk 0:48:56]} 17. Qxd3 {[%clk 1:08:46]} exd3 {[%clk 0:49:05]} 18. dxc7
{[%clk 1:09:09]} 1-0

[Event "16 Dubai Open 2014"]
[Site "Dubai Chess Club"]
[Date "2014.04.07"]
[Round "1"]
[Board "29"]
[White "Bennett, John M"]
[Black "Dizdar, Goran"]
[Result "0-1"]
[WhiteElo "2043"]
[BlackElo "2513"]
[PlyCount "0"]
[EventDate "2014.04.07"]
[EventRounds "9"]
[EventCountry "UAE"]

1. d4 {[%clk 1:30:52]} Nf6 {[%clk 1:30:53]} 2. c4 {[%clk 1:30:48]} e6
{[%clk 1:30:52]} 3. Nf3 {[%clk 1:31:09]} Bb4+ {[%clk 1:31:08]} 4. Nc3
{[%clk 1:31:30]} d5 {[%clk 1:29:37]} 5. cxd5 {[%clk 1:29:27]} exd5
{[%clk 1:29:37]} 6. Bg5 {[%clk 1:29:41]} h6 {[%clk 1:26:31]} 7. Bxf6
{[%clk 1:26:58]} Qxf6 {[%clk 1:26:53]} 8. Qb3 {[%clk 1:27:06]} c5
{[%clk 1:27:13]} 9. a3 {[%clk 1:25:47]} Bxc3+ {[%clk 1:27:27]} 10. Qxc3
{[%clk 1:25:26]} Nd7 {[%clk 1:26:38]} 11. e3 {[%clk 1:22:56]} a6 {[%clk 1:26:33]}
12. dxc5 {[%clk 1:15:50]} Qxc3+ {[%clk 1:26:16]} 13. bxc3 {[%clk 1:16:17]} Nxc5
{[%clk 1:26:30]} 14. c4 {[%clk 1:14:51]} Be6 {[%clk 1:20:03]} 15. Nd4
{[%clk 1:14:04]} dxc4 {[%clk 1:16:16]} 16. Nxe6 {[%clk 1:13:21]} fxe6
{[%clk 1:16:33]} 17. Bxc4 {[%clk 1:13:15]} b5 {[%clk 1:16:47]} 18. Be2
{[%clk 1:11:33]} Ke7 {[%clk 1:17:01]} 19. O-O {[%clk 1:09:44]} Rac8
{[%clk 1:13:40]} 20. Bf3 {[%clk 0:58:59]} Rhd8 {[%clk 1:08:12]} 21. Rad1
{[%clk 0:53:19]} Na4 {[%clk 0:57:36]} 22. Rxd8 {[%clk 0:43:17]} Rxd8
{[%clk 0:54:30]} 23. Rc1 {[%clk 0:42:54]} Rd3 {[%clk 0:53:31]} 24. Ra1
{[%clk 0:33:35]} Nb2 {[%clk 0:39:24]} 25. g3 {[%clk 0:27:27]} Nc4
{[%clk 0:34:40]} 26. a4 {[%clk 0:24:46]} b4 {[%clk 0:34:53]} 27. Be2
{[%clk 0:20:44]} Rc3 {[%clk 0:34:55]} 28. a5 {[%clk 0:17:20]} b3 {[%clk 0:32:58]}
29. Bxc4 {[%clk 0:17:37]} b2 {[%clk 0:32:46]} 0-1

[Event "16 Dubai Open 2014"]
[Site "Dubai Chess Club"]
[Date "2014.04.07"]
[Round "1"]
[Board "30"]
[White "Rahman, Ziaur"]
[Black "Ahmed Holi Ali, Moawia"]
[Result "1-0"]
[WhiteElo "2513"]
[BlackElo "2039"]
[PlyCount "0"]
[EventDate "2014.04.07"]
[EventRounds "9"]
[EventCountry "UAE"]

1. d4 Nf6 2. Bg5 e6 3. Nd2 d5 4. e3 Nbd7 5. f4 Be7 6. Bd3 c5 7. c3 b6 8. Ngf3 Bb7
9. Ne5 O-O 10. Qf3 h6 11. Bxf6 Bxf6 12. O-O a5 13. Rf2 Ba6 14. Bc2 Rc8 15. Nf1 g6
16. Qh3 Bg7 17. g4 Re8 18. Ng3 Qc7 19. Rd1 Nf8 20. f5 exf5 21. gxf5 Bxe5 22. dxe5
Qxe5 23. e4 Bb7 24. exd5 h5 25. Ne4 Kg7 26. c4 Rcd8 27. f6+ Kh8 28. Qe3 Nh7 29.
Qh6 Rg8 30. Rg2 Rde8 31. Ng5 Qe3+ 32. Kh1 1-0

[Event "16 Dubai Open 2014"]
[Site "Dubai Chess Club"]
[Date "2014.04.07"]
[Round "1"]
[Board "31"]
[White "Al Yaghshi, M. Hisham"]
[Black "Cicak, Slavko"]
[Result "0-1"]
[WhiteElo "2037"]
[BlackElo "2507"]
[PlyCount "0"]
[EventDate "2014.04.07"]
[EventRounds "9"]
[EventCountry "UAE"]

1. d4 Nf6 2. c4 g6 3. Nc3 Bg7 4. e4 O-O 5. Nf3 d6 6. Be2 c5 7. O-O Bg4 8. d5 Nbd7
9. Ng5 Bxe2 10. Qxe2 Re8 11. f4 Qc7 12. e5 dxe5 13. Nb5 Qb8 14. fxe5 Qxe5 15. Qd1
h6 16. Bf4 Qxb2 17. Bd2 Qe5 18. Nf3 Qb8 19. Qc2 a6 20. Nc3 e6 21. Rab1 exd5 22.
Nxd5 Nxd5 23. cxd5 b5 24. Qc1 Kh7 25. Rb3 c4 26. Rc3 Qd6 27. Bxh6 Bxh6 28. Ng5+
Kg8 29. Rh3 Bxg5 30. Qxg5 Qe5 31. Qg4 Nf8 32. Rhf3 Ra7 33. Rd1 Rd7 34. h4 Rxd5
35. Rdf1 Re7 36. Qh3 Rd3 37. Kh1 Rxf3 38. Qxf3 Qd4 39. h5 Qh4+ 40. Kg1 Qxh5 41.
Qf6 Qc5+ 42. Kh1 c3 43. Rf3 c2 44. Rh3 c1=Q+ 0-1

[Event "16 Dubai Open 2014"]
[Site "Dubai Chess Club"]
[Date "2014.04.07"]
[Round "1"]
[Board "32"]
[White "Kostenko, Petr"]
[Black "Sultan, Ibrahim"]
[Result "1-0"]
[WhiteElo "2506"]
[BlackElo "2037"]
[PlyCount "0"]
[EventDate "2014.04.07"]
[EventRounds "9"]
[EventCountry "UAE"]

1. e4 {[%clk 1:30:55]} e6 {[%clk 1:30:51]} 2. d4 {[%clk 1:31:19]} d5
{[%clk 1:31:14]} 3. Nc3 {[%clk 1:31:44]} Nf6 {[%clk 1:31:39]} 4. Bg5
{[%clk 1:32:08]} dxe4 {[%clk 1:32:02]} 5. Nxe4 {[%clk 1:32:32]} Nbd7
{[%clk 1:32:18]} 6. Nf3 {[%clk 1:30:08]} Be7 {[%clk 1:32:39]} 7. Nxf6+
{[%clk 1:30:30]} Bxf6 {[%clk 1:33:03]} 8. h4 {[%clk 1:30:49]} a6 {[%clk 1:33:24]}
9. c3 {[%clk 1:30:03]} b5 {[%clk 1:27:01]} 10. a4 {[%clk 1:27:19]} bxa4
{[%clk 1:16:18]} 11. Qxa4 {[%clk 1:27:31]} O-O {[%clk 1:15:04]} 12. Ne5
{[%clk 1:09:12]} Nxe5 {[%clk 1:11:22]} 13. dxe5 {[%clk 1:09:33]} Bxg5
{[%clk 1:11:45]} 14. hxg5 {[%clk 1:09:57]} Qxg5 {[%clk 1:12:05]} 15. Qe4
{[%clk 1:09:51]} Rd8 {[%clk 1:09:17]} 16. Qxh7+ {[%clk 0:57:20]} Kf8
{[%clk 1:08:12]} 17. Qh8+ {[%clk 0:57:41]} Ke7 {[%clk 1:08:38]} 18. Qh4
{[%clk 0:58:04]} Qxh4 {[%clk 1:08:49]} 19. Rxh4 {[%clk 0:58:30]} Rd5
{[%clk 1:04:03]} 20. Re4 {[%clk 0:58:41]} Bb7 {[%clk 1:04:08]} 21. f4
{[%clk 0:54:48]} Rd1+ {[%clk 0:46:49]} 22. Kxd1 {[%clk 0:51:55]} Bxe4
{[%clk 0:47:12]} 23. Kd2 {[%clk 0:51:04]} f6 {[%clk 0:31:14]} 24. Ke3
{[%clk 0:50:32]} Bb7 {[%clk 0:31:05]} 25. b4 {[%clk 0:47:23]} fxe5
{[%clk 0:17:27]} 26. fxe5 {[%clk 0:47:48]} g5 {[%clk 0:17:06]} 27. Be2
{[%clk 0:40:38]} Rd8 {[%clk 0:05:14]} 28. Bxa6 {[%clk 0:39:33]} Bxa6
{[%clk 0:05:33]} 29. Rxa6 {[%clk 0:39:57]} Rd1 {[%clk 0:05:55]} 30. Ra7
{[%clk 0:38:44]} Kd8 {[%clk 0:05:41]} 31. Ra8+ {[%clk 0:38:42]} Kd7
{[%clk 0:05:30]} 32. Rg8 {[%clk 0:38:53]} Kc6 {[%clk 0:05:42]} 33. Rxg5
{[%clk 0:39:06]} Kd5 {[%clk 0:06:06]} 34. Rg7 {[%clk 0:39:25]} Re1+
{[%clk 0:06:02]} 35. Kd3 {[%clk 0:39:15]} c6 {[%clk 0:04:39]} 36. Rd7+
{[%clk 0:35:19]} Kxe5 {[%clk 0:05:03]} 37. Kc4 {[%clk 0:35:28]} Rg1
{[%clk 0:02:06]} 38. Rd2 {[%clk 0:35:14]} Rc1 {[%clk 0:02:26]} 39. Rd3
{[%clk 0:35:02]} Rc2 {[%clk 0:01:20]} 40. g3 {[%clk 0:34:57]} Rc1
{[%clk 0:00:44]} 41. Rd8 {[%clk 0:27:13]} Rg1 {[%clk 0:00:58]} 42. Kc5
{[%clk 0:26:49]} Rxg3 {[%clk 0:01:19]} 43. c4 {[%clk 0:27:13]} Rc3
{[%clk 0:01:33]} 44. Rc8 {[%clk 0:27:27]} Ke4 {[%clk 0:00:34]} 45. Rxc6
{[%clk 0:26:35]} e5 {[%clk 0:01:00]} 46. b5 {[%clk 0:24:32]} Kd3 {[%clk 0:01:02]}
47. Rd6+ {[%clk 0:23:46]} Kc2 {[%clk 0:01:16]} 48. b6 {[%clk 0:23:59]} Kb3
{[%clk 0:01:31]} 49. Kb5 {[%clk 0:24:20]} e4 {[%clk 0:01:18]} 50. c5
{[%clk 0:24:38]} Rd3 {[%clk 0:01:02]} 51. b7 {[%clk 0:24:47]} 1-0

[Event "16 Dubai Open 2014"]
[Site "Dubai Chess Club"]
[Date "2014.04.07"]
[Round "1"]
[Board "33"]
[White "Harshal, Shahi"]
[Black "Debashis, Das"]
[Result "0-1"]
[WhiteElo "2020"]
[BlackElo "2504"]
[PlyCount "0"]
[EventDate "2014.04.07"]
[EventRounds "9"]
[EventCountry "UAE"]

1. e4 c5 2. Nf3 d6 3. d4 cxd4 4. Nxd4 Nf6 5. Nc3 a6 6. Bc4 e6 7. Bb3 Nbd7 8. Bg5
Nc5 9. f4 Be7 10. Qf3 Qc7 11. O-O-O O-O 12. Rhe1 b5 13. e5 dxe5 14. fxe5 Bb7 15.
Qh3 Nfe4 16. Nxe4 Nxe4 17. Bxe7 Qxe7 18. Qe3 Nc5 19. g3 Rac8 20. Kb1 Rc7 21. Qf4
Rd8 22. c3 Nxb3 23. Nxb3 Bd5 24. Rd4 Rdc8 25. Red1 h6 26. h4 Ra8 27. Nd2 a5 28.
c4 bxc4 29. Nxc4 Rb8 30. Nd6 Qd7 31. Qd2 Qc6 32. Rc1 Qxc1+ 33. Qxc1 Bxa2+ 34.
Kxa2 Rxc1 35. Rd2 Rb4 36. Re2 Rc5 37. Ka3 Rd5 38. Ka2 Rd3 39. Ne4 a4 40. h5 a3
41. bxa3 Ra4 0-1

[Event "16 Dubai Open 2014"]
[Site "Dubai Chess Club"]
[Date "2014.04.07"]
[Round "1"]
[Board "34"]
[White "Ismagambetov, Anuar"]
[Black "Rodrigues, Inacio"]
[Result "1-0"]
[WhiteElo "2493"]
[BlackElo "2019"]
[PlyCount "0"]
[EventDate "2014.04.07"]
[EventRounds "9"]
[EventCountry "UAE"]

1. e4 d5 2. exd5 Nf6 3. Nc3 Bg4 4. Be2 Bxe2 5. Qxe2 Nbd7 6. Qb5 Rb8 7. d3 a6 8.
Qa4 g6 9. Nf3 Bg7 10. O-O O-O 11. Qh4 Nb6 12. Bh6 Nbxd5 13. Ne4 Qd7 14. c4 Nxe4
15. dxe4 Nf6 16. Bxg7 Kxg7 17. e5 Ng8 18. Rad1 Qf5 19. Rfe1 Rfd8 20. Nd4 Qc8 21.
e6 f6 22. Rd3 c5 23. Rh3 h6 24. Nf3 b5 25. Rg3 Rb6 26. Qe4 g5 27. h4 Rdd6 28.
hxg5 Rxe6 29. gxf6+ Kh8 30. f7 Nf6 31. Qxe6 Rxe6 32. Rxe6 1-0

[Event "16 Dubai Open 2014"]
[Site "Dubai Chess Club"]
[Date "2014.04.07"]
[Round "1"]
[Board "35"]
[White "Rice, Chris B"]
[Black "Carlsson, Pontus"]
[Result "0-1"]
[WhiteElo "2014"]
[BlackElo "2486"]
[PlyCount "0"]
[EventDate "2014.04.07"]
[EventRounds "9"]
[EventCountry "UAE"]

1. c4 e5 2. g3 c6 3. d4 e4 4. Nc3 d5 5. Bg2 Nf6 6. f3 Bb4 7. Bg5 Bxc3+ 8. bxc3
Nbd7 9. cxd5 cxd5 10. fxe4 dxe4 11. c4 O-O 12. Nh3 h6 13. Bd2 Nb6 14. Ba5 Ng4 15.
Bxb6 axb6 16. Qd2 Ra3 17. O-O Ne3 18. Rfc1 Bxh3 19. Bxh3 f5 20. Rc3 Rxc3 21. Qxc3
Qg5 22. Rb1 f4 23. Rb3 Qh5 24. Be6+ Kh7 25. Qe1 Rf6 26. d5 fxg3 27. hxg3 Nxc4 28.
g4 Qe5 29. g5 Qxg5+ 30. Rg3 Qe5 31. Kg2 Qd4 32. Qh1 Ne3+ 33. Kh3 Nxd5 34. Qg2 0-1

[Event "16 Dubai Open 2014"]
[Site "Dubai Chess Club"]
[Date "2014.04.07"]
[Round "1"]
[Board "36"]
[White "Ghosh, Diptayan"]
[Black "Hamad, Abdul Razzaq"]
[Result "1-0"]
[WhiteElo "2485"]
[BlackElo "2007"]
[PlyCount "0"]
[EventDate "2014.04.07"]
[EventRounds "9"]
[EventCountry "UAE"]

1. c4 e6 2. g3 Nf6 3. Bg2 Be7 4. Nf3 O-O 5. O-O Nc6 6. d4 d6 7. d5 exd5 8. cxd5
Ne5 9. Nd4 Bd7 10. Nc3 Qc8 11. e4 Bh3 12. f4 Bxg2 13. Kxg2 Ng6 14. b3 Re8 15. Bb2
a6 16. Qd3 Nh5 17. Nf5 Bf8 18. Nd1 Qd7 19. Nde3 Rac8 20. Nc4 Ne7 21. Nfe3 Ng6 22.
Rae1 c6 23. Nb6 1-0

[Event "16 Dubai Open 2014"]
[Site "Dubai Chess Club"]
[Date "2014.04.07"]
[Round "1"]
[Board "37"]
[White "Turar, "]
[Black "Demuth, Adrien"]
[Result "1-0"]
[WhiteElo "1997"]
[BlackElo "2482"]
[PlyCount "0"]
[EventDate "2014.04.07"]
[EventRounds "9"]
[EventCountry "UAE"]

1. d4 Nf6 2. c4 g6 3. Nc3 d5 4. cxd5 Nxd5 5. e4 Nxc3 6. bxc3 Bg7 7. Nf3 c5 8. Rb1
O-O 9. Be2 cxd4 10. cxd4 Qa5+ 11. Bd2 Qxa2 12. O-O b6 13. Qc1 Qe6 14. Bc4 Qxe4
15. Bxf7+ Kh8 16. Re1 Qc6 17. d5 {[%clk 0:43:34]} Qxc1 {[%clk 0:17:14]} 18. Rbxc1
{[%clk 0:43:30]} Rxf7 {[%clk 0:11:56]} 19. Rxc8+ {[%clk 0:43:54]} Rf8
{[%clk 0:12:24]} 20. Rxf8+ {[%clk 0:43:28]} Bxf8 {[%clk 0:12:53]} 21. d6
{[%clk 0:43:37]} exd6 {[%clk 0:05:38]} 22. Re8 {[%clk 0:42:52]} Kg7
{[%clk 0:05:14]} 23. Ng5 {[%clk 0:41:59]} h6 {[%clk 0:05:37]} 24. Bc3+
{[%clk 0:41:46]} Kg8 {[%clk 0:06:05]} 25. Ne6 {[%clk 0:27:33]} Kf7
{[%clk 0:06:33]} 26. Nc7 {[%clk 0:27:50]} a6 {[%clk 0:03:18]} 27. Rxf8+
{[%clk 0:27:22]} Kxf8 {[%clk 0:03:47]} 28. Nxa8 {[%clk 0:27:37]} b5
{[%clk 0:04:15]} 29. Kf1 {[%clk 0:22:03]} Ke7 {[%clk 0:04:44]} 30. f4
{[%clk 0:21:27]} h5 {[%clk 0:04:14]} 31. h3 {[%clk 0:21:09]} Kd7 {[%clk 0:02:50]}
32. g4 {[%clk 0:12:53]} hxg4 {[%clk 0:03:18]} 33. hxg4 {[%clk 0:13:22]} Nc6
{[%clk 0:03:22]} 34. Ke2 {[%clk 0:10:53]} d5 {[%clk 0:02:43]} 35. Kd3
{[%clk 0:10:23]} a5 {[%clk 0:03:01]} 36. f5 {[%clk 0:07:15]} gxf5
{[%clk 0:03:28]} 37. gxf5 {[%clk 0:07:42]} Kd6 {[%clk 0:02:19]} 38. Nb6
{[%clk 0:04:46]} b4 {[%clk 0:02:18]} 39. Bb2 {[%clk 0:03:04]} Ne5+
{[%clk 0:02:20]} 40. Kd4 {[%clk 0:02:57]} Nc6+ {[%clk 0:01:48]} 41. Ke3
{[%clk 0:03:05]} b3 {[%clk 0:01:27]} 42. Kd3 {[%clk 0:01:59]} Ne5+
{[%clk 0:00:41]} 43. Kc3 {[%clk 0:01:52]} a4 {[%clk 0:01:01]} 44. Nxa4
{[%clk 0:01:26]} Nf3 {[%clk 0:00:45]} 45. Kd3 {[%clk 0:01:04]} Nh4
{[%clk 0:00:37]} 46. f6 {[%clk 0:00:50]} Ke6 {[%clk 0:01:04]} 47. Nc5+
{[%clk 0:01:13]} Kf7 {[%clk 0:01:33]} 48. Nd7 {[%clk 0:00:37]} Ng6
{[%clk 0:01:28]} 49. Ke3 {[%clk 0:00:40]} Ke6 {[%clk 0:01:13]} 50. Nc5+
{[%clk 0:00:58]} Kf7 {[%clk 0:01:27]} 51. Nxb3 {[%clk 0:01:16]} Ke6
{[%clk 0:00:37]} 52. Nc5+ {[%clk 0:01:34]} Kf7 {[%clk 0:01:06]} 53. Nd3
{[%clk 0:02:03]} Nf8 {[%clk 0:00:38]} 54. Kf4 {[%clk 0:01:24]} Ke6
{[%clk 0:00:37]} 55. Kg5 {[%clk 0:01:12]} d4 {[%clk 0:00:35]} 56. Nf4+
{[%clk 0:01:01]} Kf7 {[%clk 0:00:33]} 57. Bxd4 {[%clk 0:01:24]} Ke8
{[%clk 0:00:34]} 58. Kf5 {[%clk 0:01:14]} Nh7 {[%clk 0:01:02]} 59. Ke6
{[%clk 0:00:47]} Ng5+ {[%clk 0:01:18]} 60. Kf5 {[%clk 0:00:39]} Nh7
{[%clk 0:01:47]} 61. Nd3 {[%clk 0:00:42]} Nxf6 {[%clk 0:02:08]} 62. Kxf6
{[%clk 0:01:07]} Kd7 {[%clk 0:02:38]} 63. Nb4 {[%clk 0:01:35]} Kd6
{[%clk 0:02:57]} 64. Kf5 {[%clk 0:01:54]} Kd7 {[%clk 0:03:24]} 65. Ke5
{[%clk 0:02:20]} Kc7 {[%clk 0:03:51]} 66. Ke6 {[%clk 0:02:44]} Kb7
{[%clk 0:04:17]} 67. Kd6 {[%clk 0:03:09]} Kb8 {[%clk 0:04:44]} 68. Kc6
{[%clk 0:03:32]} Ka8 {[%clk 0:05:11]} 69. Nd5 {[%clk 0:03:51]} Kb8
{[%clk 0:05:40]} 70. Nc7 {[%clk 0:04:06]} Kc8 {[%clk 0:06:09]} 71. Ba7
{[%clk 0:04:35]} Kd8 {[%clk 0:06:39]} 72. Nd5 {[%clk 0:04:04]} Ke8
{[%clk 0:06:33]} 73. Kd6 {[%clk 0:00:53]} Kf7 {[%clk 0:07:02]} 74. Ne7
{[%clk 0:01:03]} Kg7 {[%clk 0:07:16]} 75. Be3 {[%clk 0:01:19]} Kf6
{[%clk 0:07:40]} 76. Bf4 {[%clk 0:01:17]} Kf7 {[%clk 0:08:01]} 77. Be5
{[%clk 0:01:23]} Ke8 {[%clk 0:08:20]} 78. Ke6 {[%clk 0:01:46]} Kd8
{[%clk 0:08:48]} 79. Bf4 {[%clk 0:02:08]} Ke8 {[%clk 0:09:17]} 80. Bc7
{[%clk 0:02:38]} Kf8 {[%clk 0:09:46]} 81. Nf5 {[%clk 0:01:48]} Ke8
{[%clk 0:10:15]} 82. Bb6 {[%clk 0:01:54]} Kf8 {[%clk 0:10:44]} 83. Bd4
{[%clk 0:02:06]} Ke8 {[%clk 0:11:12]} 84. Bf6 {[%clk 0:02:30]} Kf8
{[%clk 0:11:40]} 85. Ng7 {[%clk 0:02:00]} Kg8 {[%clk 0:12:08]} 86. Ke7
{[%clk 0:02:29]} Kh7 {[%clk 0:12:38]} 87. Kf7 {[%clk 0:02:57]} Kh6
{[%clk 0:12:28]} 88. Be7 {[%clk 0:03:24]} Kh7 {[%clk 0:12:56]} 89. Bg5
{[%clk 0:03:49]} Kh8 {[%clk 0:13:25]} 90. Ne6 {[%clk 0:04:07]} 1-0

[Event "16 Dubai Open 2014"]
[Site "Dubai Chess Club"]
[Date "2014.04.07"]
[Round "1"]
[Board "38"]
[White "Shyam, Sundar M."]
[Black "Afshar, Niusha"]
[Result "1-0"]
[WhiteElo "2481"]
[BlackElo "1993"]
[PlyCount "0"]
[EventDate "2014.04.07"]
[EventRounds "9"]
[EventCountry "UAE"]

1. e4 {[%clk 1:30:30]} c5 {[%clk 1:30:43]} 2. b3 {[%clk 1:30:43]} e6
{[%clk 1:29:35]} 3. Bb2 {[%clk 1:30:56]} d5 {[%clk 1:28:55]} 4. exd5
{[%clk 1:31:13]} exd5 {[%clk 1:29:09]} 5. Nf3 {[%clk 1:29:22]} Nf6
{[%clk 1:27:41]} 6. Bb5+ {[%clk 1:27:32]} Bd7 {[%clk 1:27:04]} 7. Qe2+
{[%clk 1:26:21]} Qe7 {[%clk 1:27:15]} 8. Ne5 {[%clk 1:17:48]} a6 {[%clk 1:24:58]}
9. Nxd7 {[%clk 1:17:34]} Qxe2+ {[%clk 1:23:17]} 10. Bxe2 {[%clk 1:04:40]} Nbxd7
{[%clk 1:23:27]} 11. O-O {[%clk 1:01:43]} Bd6 {[%clk 1:22:06]} 12. Bf3
{[%clk 1:00:29]} O-O {[%clk 1:19:52]} 13. Nc3 {[%clk 1:00:07]} d4
{[%clk 1:19:51]} 14. Ne4 {[%clk 1:00:16]} Nxe4 {[%clk 1:20:10]} 15. Bxe4
{[%clk 1:00:42]} Rab8 {[%clk 1:20:24]} 16. a4 {[%clk 1:00:40]} b6
{[%clk 1:18:59]} 17. Rfe1 {[%clk 0:58:34]} Nf6 {[%clk 1:18:44]} 18. Bd3
{[%clk 0:58:42]} a5 {[%clk 1:18:03]} 19. Bb5 {[%clk 0:57:51]} Nd5
{[%clk 1:17:51]} 20. c3 {[%clk 0:57:57]} dxc3 {[%clk 1:15:44]} 21. dxc3
{[%clk 0:58:02]} Nc7 {[%clk 1:15:03]} 22. Bc6 {[%clk 0:57:25]} Ne6
{[%clk 1:15:10]} 23. Bd7 {[%clk 0:56:52]} Nf4 {[%clk 1:14:32]} 24. Rad1
{[%clk 0:57:09]} Bc7 {[%clk 1:14:51]} 25. g3 {[%clk 0:49:15]} Ng6
{[%clk 1:14:23]} 26. c4 {[%clk 0:49:40]} Rfd8 {[%clk 1:12:37]} 27. Rd5
{[%clk 0:49:35]} Nf8 {[%clk 1:11:54]} 28. Bc6 {[%clk 0:47:34]} Rxd5
{[%clk 1:09:10]} 29. cxd5 {[%clk 0:38:35]} Bd6 {[%clk 1:09:22]} 30. Kf1
{[%clk 0:29:14]} Ng6 {[%clk 1:09:25]} 31. Ke2 {[%clk 0:29:40]} Ne7
{[%clk 1:08:51]} 32. Kd3 {[%clk 0:29:58]} Rc8 {[%clk 1:08:38]} 33. Kc4
{[%clk 0:30:18]} Nxc6 {[%clk 1:08:36]} 34. dxc6 {[%clk 0:30:46]} Kf8
{[%clk 1:08:49]} 35. Kb5 {[%clk 0:31:02]} Bc7 {[%clk 1:08:34]} 36. Be5
{[%clk 0:30:56]} Ke8 {[%clk 1:07:32]} 1-0